| 000 | 01413nam1a2200373 i 4500 | ||
|---|---|---|---|
| 001 | RU\NLR\bibl\1480362 | ||
| 005 | 20260405200108.0 | ||
| 010 | _a978-5-298-01869-2 | ||
| 035 | _a(NLR Aleph) 001472015 | ||
| 090 |
_a1649598 _c1649598 |
||
| 100 | _a20100303d2009 u y0rusy50 ca | ||
| 101 | 0 | _atat | |
| 102 | _aRU | ||
| 105 | _a||||z ||||| | ||
| 200 | 1 |
_aИзбранные произведения _eв 5 т. _fТази Гиззат _g[сост.: Гиззатов Казбек Тазиевич] |
|
| 210 |
_aКазань _cТатарское книжное изд-во _d2009 |
||
| 215 | _d21 | ||
| 300 | _aЗагл. и авт. также на татар. яз. | ||
| 300 | _aПеред. вып. дан. авт.: Гиззат Тази (Гиззатов Тази Калимуллович) | ||
| 300 | _aТекст на татар. яз. | ||
| 463 | 0 | _10011477814 | |
| 463 | 0 | _10011477808 | |
| 463 | 0 | _10011477372 | |
| 463 | 0 | _10011477806 | |
| 463 | 0 | _10011477379 | |
| 686 | _aШ6(2=Тат)7я44{Лх-татар.528-20} | ||
| 700 | 1 |
_4070 _8rus _7ca _aГиззат _bТ. _f1895-1955 _gТази _3RU\NLR\auth\7787750 _970678 |
|
| 702 | 1 |
_7ca _8rus _aГиззатов _bК. Т. _f1925-2013 _gКазбек Тазиевич _9166858 _3RU\NLR\AUTH\770166905 |
|
| 801 | 0 |
_aRU _bNLR _c20100303 _gRCR |
|
| 801 | 1 |
_aRU _bNLR _c20100303 |
|
| 830 | _aпо кн. | ||
| 852 |
_aNLR _jОНЛ |
||
| 942 | _cBOOK | ||